|
|
|
|
| LEADER |
01747nam a2200457 a 4500 |
| 001 |
000744144 |
| 003 |
CZ BrMZK |
| 005 |
20041026063722.0 |
| 007 |
ta |
| 008 |
041018s2003 xr er 000 0 czeoc |
| 015 |
|
|
|a cnb001285334
|
| 020 |
|
|
|a 80-902777-6-4
|q (brož.)
|
| 035 |
|
|
|a (OCoLC)85076182
|
| 040 |
|
|
|a ABA001
|b cze
|d BOA001
|
| 043 |
|
|
|a e-xr---
|b e-xr-kr
|2 czenas
|
| 045 |
|
|
|a u-v-
|
| 072 |
|
7 |
|a 71
|x Územní plánování. Urbanismus. Památková péče
|2 Konspekt
|9 21
|
| 080 |
|
|
|a 911.53
|2 MRF
|
| 080 |
|
|
|a 711
|2 MRF
|
| 080 |
|
|
|a 72
|2 MRF
|
| 080 |
|
|
|a 930.85(437.3)"15/17"
|2 MRF
|
| 080 |
|
|
|a (437.313)
|2 MRF
|
| 080 |
|
|
|a (048.8)
|2 MRF
|
| 100 |
1 |
|
|a Hájek, Pavel,
|d 1963-
|7 xx0006434
|4 aut
|
| 245 |
1 |
0 |
|a Česká krajina a baroko :
|b urbanismus českého baroka na příkladu města Jičína a jeho okolí /
|c Pavel Hájek
|
| 250 |
|
|
|a Vyd. 1.
|
| 260 |
|
|
|a Praha :
|b Malá Skála,
|c 2003
|
| 300 |
|
|
|a 66 s. :
|b il. (některé barev.) ;
|c 17 x 23 cm
|
| 500 |
|
|
|a Úvod Mojmír Horyna
|
| 504 |
|
|
|a Obsahuje bibliografii
|
| 500 |
|
|
|a Dostupné též v digitální podobě v aplikaci Kramerius
|
| 650 |
0 |
7 |
|a kulturní krajina
|7 ph122025
|z Česko
|2 czenas
|
| 650 |
0 |
7 |
|a urbanismus
|7 ph116541
|z Česko
|y 17.-18. stol.
|2 czenas
|
| 650 |
0 |
7 |
|a architektura
|7 ph118586
|z Česko
|y 17.-18. stol.
|2 czenas
|
| 650 |
0 |
7 |
|a české baroko
|7 ph116863
|2 czenas
|
| 655 |
|
7 |
|a studie
|7 fd133597
|2 czenas
|
| 651 |
|
7 |
|a Jičín (Česko : oblast)
|7 ge129491
|2 czenas
|
| 856 |
4 |
1 |
|u https://www.digitalniknihovna.cz/mzk/uuid/uuid:7c698ae0-fa53-11e6-aa6c-005056827e52
|y Digitalizovaný dokument
|x NDK
|
| 910 |
|
|
|a BOA001
|b 2-1141.213
|
| 990 |
|
|
|a BK
|
| 996 |
6 |
|
|b 2610230455
|c 2-1141.213
|l MZK
|r Sklad / do 1 hodiny
|n 29
|p p.v.
|w 000744144
|u 000010
|a 1
|e BOA001
|j MZK50
|s P
|